FDI and trade: the Irish lost-country experience (Record no. 36637)

000 -LEADER
fixed length control field 00435pab a2200169 454500
008 - FIXED-LENGTH DATA ELEMENTS--GENERAL INFORMATION
fixed length control field 180718b1997 xxu||||| |||| 00| 0 eng d
100 ## - MAIN ENTRY--PERSONAL NAME
Personal name Barry, Frank
245 ## - TITLE STATEMENT
Title FDI and trade: the Irish lost-country experience
260 ## - PUBLICATION, DISTRIBUTION, ETC.
Date of publication, distribution, etc. 1997
300 ## - PHYSICAL DESCRIPTION
Extent p.1798-1811
362 ## - DATES OF PUBLICATION AND/OR SEQUENTIAL DESIGNATION
Dates of publication and/or sequential designation Nov
650 ## - SUBJECT ADDED ENTRY--TOPICAL TERM
Topical term or geographic name entry element Foreign investment - Ireland
650 ## - SUBJECT ADDED ENTRY--TOPICAL TERM
Topical term or geographic name entry element Foreign investment
700 ## - ADDED ENTRY--PERSONAL NAME
Personal name Bradley, John
773 ## - HOST ITEM ENTRY
Main entry heading Economic Journal
909 ## -
-- 36637
Holdings
Withdrawn status Lost status Damaged status Not for loan Permanent Location Current Location Date acquired Serial Enumeration / chronology Barcode Date last seen Price effective from Koha item type
        Indian Institute of Public Administration Indian Institute of Public Administration 2018-07-19 Volume no: 107, Issue no: 445 AR36955 2018-07-19 2018-07-19 Articles

Powered by Koha